| 000 | 00633nam a2200205Ia 4500 | ||
|---|---|---|---|
| 001 | 15637 | ||
| 003 | GE_BSU | ||
| 008 | 181216s||||||||xx |||||||||||||| ||und|| | ||
| 040 | _cGE_BSU | ||
| 080 | _a821.353.1-84 | ||
| 100 | _aწერეთელი, ა. | ||
| 245 | _aაფორიზმები, ნაკვესები | ||
| 245 | _cპ/მგ.რედ.თ.შავიშვილი | ||
| 260 | _aთბილისი | ||
| 260 | _bსაბჭ. მწერალი | ||
| 260 | _c1955 | ||
| 300 | _a208გვ. ; 10სმ | ||
| 653 | _aაფორიზმები, ნაკვესები | ||
| 942 | _cBK | ||
| 999 |
_c48737 _d48737 |
||